000
00330nam a2200145Ia 4500
999
_c
10604
_d
10604
003
OSt
005
20220407193223.0
008
220318s9999 xx 000 0 und d
020
_a
9788499369051
082
_a
338.761712094836
100
_a
Sælen, Arne,
_d
1951-
245
0
_a
Urban landscapes
260
_a
Loft
942
_2
ddc